Correctly Spelled or Not? Click Quiz #2 - Statistics

General Stats
  • This quiz has been taken 43,784 times
  • The average score is 15 of 20
Answer Stats
Hint Explanation Answer % Correct
height Correct
93%
tomorrow Correct
89%
beginning Correct
88%
definitely Correct
87%
quarantine Correct
85%
maintenance Correct
84%
Antarctic Correct
83%
Azerbaijan Correct
83%
unnecessary Correct
82%
awfull awful Misspelled
82%
inteligence intelligence Misspelled
82%
colleague Correct
80%
guaranted guaranteed Misspelled
76%
imigration immigration Misspelled
71%
priviledge privilege Misspelled
69%
Mediterrannean Mediterranean Misspelled
68%
dissapoint disappoint Misspelled
66%
cemetary cemetery Misspelled
53%
Pinnochio Pinocchio Misspelled
41%
Celcius Celsius Misspelled
35%
No matching quizzes found
Score Distribution
Percent of People with Each Score
Percentile by Number Answered
Your Score History
You have not taken this quiz